000 00733cam a2200253 4500
001 a4563831
003 CO-ViMGA
005 20230915224410.0
008 090710s2009 sp | |||| 000 f spa
020 _a9788498721430
040 _aCO-ViMGA
_bspa
_cCO-ViMGA
041 1 _hfre
082 _a843.91
_bD786l1
100 1 _aDruon, Maurice
_d1918-2009
_92397
240 1 3 _aLa louve de France
_lEspañol
245 1 3 _aLa loba de Francia
_h[Texto impreso]
_cMaurice Druon ; [traducción, Maria Guadalupe Orozco Bravo]
250 _a1a. ed.
260 _aBarcelona
_bZeta
_c2009
300 _a402 p.
_c20 cm
490 1 _aLos reyes malditos
_v5
490 1 _aZeta histórica
_v101
650 1 4 _aNovela francesa
_92398
942 _2ddc
_cBK
999 _c3764
_d3764